008570000a220013300045001000026000002450067000263000055000935000052001485200363002007730045005639420008006089520090006169990017007061 aSilva Romero, Ricardo10aUn nuevo mundo : David Lynch estrena su grito de independencia aVol.0, núm.14 (Noviembre, 2006), Páginas 28-29 aEscritor, periodista y columnista de opinión. aLa tecnología digital, internet y la autogestión están revolucionando la industria del cine norteamericano. Grandes directores como David Lynch se la juegan solos con bajos presupuestos y control absoluto de sus producciones, como en Inland Empire, su última película. ¿Lograrán los directores de culto derrotar a los productores de Hollywood?0 tArcadia / Andrés Felipe Solano, Editor cANA 001040708HEMaFUSBCbFUSBCd2016-01-26l0o r2016-01-26 00:00:00w2016-01-26yANA c61858d61858